| 000 | 00355nam a2200145Ia 4500 | ||
|---|---|---|---|
| 008 | 230312s9999||||xx |||||||||||||| ||und|| | ||
| 082 |
_a621.382 _bSEN-E |
||
| 100 | _aSen;S.K | ||
| 245 | 0 | _aElectrical Machinery | |
| 260 |
_bKhanna Publishers _aIndia _c2008 |
||
| 300 | _a783 | ||
| 546 | _aEng. | ||
| 650 |
_aEngineering _vElectrical Machinery |
||
| 942 | _cBK | ||
| 999 |
_c9420 _d9420 |
||